00405nam a2200193Ia 4500003000900000008004100009040001300050040001300063041000800076100001900084245002900103250001200132260001100144260000900155300001100164300001000175490002000185490000600205IT-RoPAU120407s9999 xx 000 0 und d aIT-RoPAU cIT-RoPAU aita aIgino Giordani aPaolo apostolo. martire. aFirenze aSalani c1939 a424 p. c16 cm aI Vittoriosi, 3 v1